Histoire économique de l'Europe moderne : XVe-XVIIIe siècle (notice n° 1925345)
[ vue normale ]
| 000 -LEADER | |
|---|---|
| fixed length control field | 01277cam a2200133 4500500 |
| 005 - DATE AND TIME OF LATEST TRANSACTION | |
| control field | 20260329023203.0 |
| 041 ## - LANGUAGE CODE | |
| Language code of text/sound track or separate title | fre |
| 042 ## - AUTHENTICATION CODE | |
| Authentication code | dc |
| 100 10 - MAIN ENTRY--PERSONAL NAME | |
| Personal name | Delleaux, Fulgence |
| Relator term | author |
| 245 00 - TITLE STATEMENT | |
| Title | Histoire économique de l'Europe moderne : XVe-XVIIIe siècle |
| 260 ## - PUBLICATION, DISTRIBUTION, ETC. | |
| Name of publisher, distributor, etc. | Armand Colin,<br/> |
| Date of publication, distribution, etc. | 2015.<br/> |
| 520 ## - SUMMARY, ETC. | |
| Summary, etc. | Du milieu du XVe à la fin du XIIIe siècle, l’Europe vit de profondes mutations économiques. Le lent passage des autarcies vivrières à une économie de marché, en voie de généralisation au seuil de la Révolution industrielle, s’accompagne de l’affirmation du capitalisme. Malgré des épisodes de crise, l’économie européenne moderne connaît une expansion permanente. L’auteur en présente les spécificités et les facteurs explicatifs, en s’interrogeant notamment sur la place des diverses productions agricoles et manufacturières, leur organisation, leur insertion dans les échanges et leur évolution. À la lumière d’une historiographie en plein renouvellement, cet ouvrage propose une synthèse claire et complète des caractéristiques et de l’évolution de l’économie en Europe occidentale. |
| 856 41 - ELECTRONIC LOCATION AND ACCESS | |
| Uniform Resource Identifier | <a href="https://shs.cairn.info/histoire-economique-de-l-europe-moderne--9782200603519?lang=fr&redirect-ssocas=7080">https://shs.cairn.info/histoire-economique-de-l-europe-moderne--9782200603519?lang=fr&redirect-ssocas=7080</a> |
Pas d'exemplaire disponible.




Réseaux sociaux